General Analogies - Statistics

General Stats
  • This quiz has been taken 120 times
  • The average score is 4 of 22
Answer Stats
Hint Answer % Correct
2016 is to Prince as ____ is to Michael Jackson 2009
73%
Kardashian is to butt as Jagger is to ____ Lips
49%
William is to Harry as George is to _________ Charlotte
47%
Justin is to NSYNC as ____ is to One Direction Zayn
41%
Chicago is to the United States as ______ is to Germany Munich
38%
Ebola is to Liberia as ____ is to Brazil Zika
37%
2012 is to Dragon as 2016 is to ______ Monkey
25%
Day of the Dead is to Mexico as Tet is to _______ Vietnam
25%
Amor is to Spanish as sarang is to ______ Korean
13%
Wilbur is to pig as Zoboomafoo is to _____ Lemur
11%
Pink is to Victoria's Secret as Arie is to ________ _____ American Eagle
10%
Sanders is to Socialist as Johnson is to ___________ Libertarian
10%
Sapporo is to Japanese as Manaus is to __________ Portuguese
9%
Orange is to California as Maricopa is to _______ Arizona
8%
Same-sex is to 2015 as interracial is to ____ 1967
7%
Wallonia is to Belgium as Espace Mittelland is to ___________ Switzerland
6%
G Dragon is to Big Bang as Kai is to ___ EXO
5%
The Beatles are to Liverpool as Nirvana is to ________ Aberdeen
4%
The Office is to United Kingdom as Fear Factor is to ___________ Netherlands
4%
Maci is to Bentley as Farrah is to ______ Sophia
4%
Zuckerburg is to Facebook as _______ is to Instagram Systrom
2%
Fiona is to Finn as ____ is to Jake Cake
0%
No matching quizzes found
Score Distribution
Percent of People with Each Score
Percentile by Number Answered
Your Score History
You have not taken this quiz